00847nam a22002417a 450000100060000000300080000600500170001400800410003103500190007204000260009104100080011708200280012510000180015324501140017125000170028526000340030230000260033649000660036250400410042865100430046970000270051283000660053924768BD-RjUL20211209001109.0140315s1952 enk||||| b||| 00| 0 eng d a(BD-RjUL)24837 aBD-RjULbengcBD-RjUL aeng04219a941.50821bHAR 19521 aHalevy, Elie.14aThe Rule of Democracy 1905-1914. /cElie Halevy ; translated from the french by Edward Ingram Watkin.pBook I a2nd rev. ed. aLondon :bE. Benn Ltd,c1952. avii, 368 p. ;c22 cm. aA History of the English People in the Nineteenth Century, VI aIncludes bibliographical references. 0aGreat Britain vHistoryy20th century.1 aWatkin, Edward Ingram. aA History of the English People in the Nineteenth Century, VI